000 00351pab a2200157 454500
008 180718b2006 xxu||||| |||| 00| 0 eng d
100 _aSahay, A.
245 _aIndian industrial clusters (a review essay)
260 _c2006
300 _ap.77-86.
362 _aOct-Dec
650 _aIndustry
773 _aVision
908 _aN
909 _a73124
999 _c73124
_d73124